| 000 | 00814nam a22002177a 4500 | ||
|---|---|---|---|
| 005 | 20131008103742.0 | ||
| 010 | _aENG-108073 | ||
| 020 |
_a9788184248142 _c750.00 |
||
| 035 | _aEN-91606 | ||
| 037 | _bDBAD/PUB | ||
| 082 | _a005.7565 | ||
| 245 |
_aProceedings of the International conference on optimization, computing and business analytics 2012 : _cedited by S.P. Mukherjee, Ananya Kanjilal [and] Sabnam Sengupta _b45th annual convention of operational research society of India / |
||
| 260 |
_aNew Delhi _bAllied Publishers _c2012 |
||
| 270 |
_a1/13-14 Asaf Ali Road, _bNew Delhi _e110002 |
||
| 300 |
_ax,230p. : _c28cm(pbk) _bill. |
||
| 500 | _aIncludes index | ||
| 700 | _aMukherjee, S.P. | ||
| 700 | _aKanjilal, Ananya | ||
| 700 | _aSengupta, Sabnam | ||
| 942 |
_2ddc _cEN _mPRO _h005.7565 |
||
| 999 |
_c77638 _d77638 |
||